| 000 | 00491nam a22001937a 4500 | ||
|---|---|---|---|
| 003 | CEME | ||
| 005 | 20210628203504.0 | ||
| 008 | 210316b xxu||||| |||| 00| 0 eng d | ||
| 020 | _a0-08-040518-5 | ||
| 040 | _c. | ||
| 082 | _a621.3121 MOD'P | ||
| 100 |
_aPergman Press _965767 |
||
| 245 | _aModern power station practice , station commissioning | ||
| 250 | _a3RD | ||
| 260 |
_aOXFORD _bPERGMAN _c1990 |
||
| 300 | _aVOL-H | ||
| 650 |
_aELECTRIC POWER PLANTS _935699 |
||
| 942 |
_cBK _2ddc |
||
| 999 |
_c573883 _d573883 |
||